The Flash - Statistics

General Stats
  • This quiz has been taken 1,121 times
  • The average score is 10 of 22
Answer Stats
Hint Answer % Correct
Which flash died in crisis on infinite earths Barry Allen
97%
2nd Flash's name Barry Allen
92%
2nd Flash's wife/love interest Iris West
75%
The name of the other kid Iris West
75%
3rd Flash's name Wally West
69%
The backwards flash Reverse Flash
68%
The leader of the team (think cold) Captain Cold
66%
1st Flash's name Jay Garrick
60%
The monkey of all villains Gorilla Grodd
56%
4th Flash's name Bart Allen
45%
A master of something that is common with reflections Mirror Master
43%
The member of the rogues who can tell the forecast (more like change it) Weather Wizard
43%
Is it hot in here? Heat Wave
42%
2nd Flash's job Forensic Scientist
38%
If you like tricks, you like this guy The Trickster
36%
A group of villains who don't kill The Rogues
35%
The team 2nd Flash is involved with Justice League of America
24%
The team 1st Flash is involved with Justice Society of America
22%
The team the 4th Flash is involved with Teen Titans
21%
Which flash was in the Queen song "Flash" Flash Gordon
19%
The name of one of the 3rd Flash's kids Jai West
5%
Name of the 3rd Flash's wife Linda West
4%
No matching quizzes found
Score Distribution
Percent of People with Each Score
Percentile by Number Answered
Your Score History
You have not taken this quiz